Isocling n-planes in Euclidean 2n-space, Clifforp parallels in elliptic (2n-1)-space, and the Hurwitz matrix equations

Saved in:
Bibliographic Details
Main Author: Wong, Yung-chow
Format: Book
Language:English
Published: Providence, R.I. : American Mathematical Society, 1961
Series:Memoirs of the American Mathematical Society ; ; 41
Subjects:
Tags: Add Tag
No Tags, Be the first to tag this record!

MARC

LEADER 00000cam a2200000 i 4500
001 1/37054
008 941111s1961 eng d
020 |a 0-8218-1241-6 
035 |a 1994  |l 10040400 
040 |a GR-MY-UA  |b gre  |e aacr 
041 0 |a eng 
082 0 |a 516.3 
100 1 |a Wong, Yung-chow. 
245 1 0 |a Isocling n-planes in Euclidean 2n-space, Clifforp parallels in elliptic (2n-1)-space, and the Hurwitz matrix equations /  |c by Young-Chow Wong 
260 |a Providence, R.I. :   |b American Mathematical Society,   |c 1961 
300 |a 114 p.;  |c 26 cm. 
490 1 |a Memoirs of the American Mathematical Society  |v ; 41 
500 |a Includes bibliographical references 
650 0 0 |a Geometry, Analytic. 
650 0 0 |a Functional analysis. 
830 0 |a Memoirs of the American Mathematical Society ;  |v ; 41 
852 |a INST  |b SAMOS  |e 19941111  |h 516.3 WON  |p 005300004312  |q 005300004312  |t BK  |y 0 
909 |a Σ  |b 035481